| 000 | 00857nam a2200217 i 4500 | ||
|---|---|---|---|
| 001 | 7548 | ||
| 003 | ES-MaACL | ||
| 005 | 20230906145248.0 | ||
| 007 | t| | ||
| 008 | 910311m19801984sp ||||1| spa d | ||
| 020 | _a84-206-5296-2 (O.C.) | ||
| 080 | _a9(100)(03) | ||
| 245 | 0 | 0 |
_aEnciclopedia de Historia Universal / _ccompilado y dirigido por William L. Langer ; version espaƱola de Carlo A. Caranci... [et al.]. |
| 260 |
_aMadrid : _bAlianza, _c1980-1984. |
||
| 300 |
_a2 v. ; _c24 cm. |
||
| 505 | 8 | _at. I. Desde la prehistoria hasta la Segunda Guerra Mundial -- t. II. Desde la Segunda Guerra Mundial. Apendice: El mundo en 1971-1982 / por Carlo A. Caranci | |
| 650 | 4 |
_aHistoria universal- _vEnciclopedias. _913432 |
|
| 700 | 1 |
_aLanger, William L. _970036 |
|
| 700 | 1 |
_aCaranci, Carlos. _934949 |
|
| 852 |
_aES-MaACL _jL-14884-85 _bR.102824 _z. - tela |
||
| 999 |
_c7548 _d7548 |
||